Contabilidad básica (Registro nro. 16798)

Detalles MARC
000 -Cabecera
Campo de control interno 00923nam a2200229Ia 4500
005 - Fecha y hora del registro
control field 20260331164717.0
008 - Elementos de Longitud Fija
fixed length control field 260306t2018||||xx |||||||||||||| ||und||
041 ## - Idioma
Codigo Idioma ESP
082 ## - DEWEY y NOTACIÓN INTERNA
Dewey 657
Notación Interna P21B
100 ## - AUTOR
Autor denominación Palomino Hurtado, Carlos
Término de relación autor
245 #0 - TÍTULO DE MATERIAL BIBLIOGRÁFICO
Título Contabilidad básica
260 ## - CIUDAD, EDITORIAL, AÑO
Año 2018
300 ## - DESCRIPCIÓN
N° Páginas 279 páginas :
Dimensiones 25 cm.
650 ## - TEMAS
Temas Generalidades
654 ## - PROGRAMAS
Programa Dpto. de Contabilidad
856 ## - URL - UBICACIÓN
URI/URL: Enlace exacto del recurso <a href="https://itmsp.museknowledge.com/UCSP?url=https://www.ebooks7-24.com:443/?il=19626&pg=1">https://itmsp.museknowledge.com/UCSP?url=https://www.ebooks7-24.com:443/?il=19626&pg=1</a>
Nota pública: Versión digital <a href="Véase además: Contabilidad básica bajo NIIF. Versión digital">Véase además: Contabilidad básica bajo NIIF. Versión digital</a>
856 ## - URL - UBICACIÓN
URI/URL: Enlace exacto del recurso <a href="https://0u213uuj8-y-https-ebooks7--24-com.itmsp.museknowledge.com/biblioteca.aspx">https://0u213uuj8-y-https-ebooks7--24-com.itmsp.museknowledge.com/biblioteca.aspx</a>
Nota pública: Versión digital <a href="Véase además: Base de datos Ebook7-24">Véase además: Base de datos Ebook7-24</a>
856 ## - URL - UBICACIÓN
URI/URL: Enlace exacto del recurso <a href="https://www.legismovil.pe/LNP.asp">https://www.legismovil.pe/LNP.asp</a>
Nota pública: Versión digital <a href="Véase además: Base de datos Legis Móvil">Véase además: Base de datos Legis Móvil</a>
856 ## - URL - UBICACIÓN
URI/URL: Enlace exacto del recurso <a href="https://legal.legis.com.pe/home/Corporativo">https://legal.legis.com.pe/home/Corporativo</a>
Nota pública: Versión digital <a href="Véase además: Base de datos Multilegis">Véase además: Base de datos Multilegis</a>
942 ## - ELEMENTOS DE KOHA
Tipo de documento Libro
Nombre del creador Justo Noguera
Código de catalogador Justo Noguera
Esquema de clasificación Dewey Decimal Classification
Existencias
Codigo completo Registro Colección Copia número Disponibilidad Tipo de préstamo Biblioteca Actual Procedencia (Biblioteca) Ubicacón Fecha Ingreso Tipo de Adquisición Date last seen Total checkouts Price effective from Tipo de Item Estado del Material Fuente de Clasificación Damaged status Withdrawn status
657 P21B 1063971 Universidad Católica San Pablo 1 Disponible Disponible Víctor Andrés Belaunde Víctor Andrés Belaunde Primer piso 03/06/2026 Compra 06/03/2026   06/03/2026 Libro Bueno Dewey Decimal Classification